LEADER 01189nam0-2200397li-450 001 990000138070203316 005 20180312154651.0 010 $a88-453-0155-9 035 $a0013807 035 $aUSA010013807 035 $a(ALEPH)000013807USA01 035 $a0013807 100 $a20001109d1977----km-y0itay0103----ba 101 0 $aita 102 $aIT 200 1 $aAlgebra di Boole e circuiti di commutazione$e[150 esercizi risolti]$fElliott Mendelson 205 $aNuova ed 210 $aMilano$cEtas Libri$d1977 606 1 $aalgebra booleana 676 $a511.324 700 1$aMENDELSON,$bElliott$01373 801 $aSistema bibliotecario di Ateneo dell' Universitą di Salerno$gRICA 912 $a990000138070203316 951 $a511.324 MEN$b0003777 951 $aDS500 511.324 men$bDSst 0000004145 959 $aBK 969 $aTEC 969 $aDSEC 979 $c19951005 979 $c20001110$lUSA01$h1711 979 $aPATRY$b90$c20010905$lUSA01$h1300 979 $aPATRY$b90$c20010905$lUSA01$h1301 979 $c20020403$lUSA01$h1621 979 $aPATRY$b90$c20040406$lUSA01$h1610 996 $aBoolean algebra and switching circuits$945615 997 $aUNISA LEADER 01439nam 2200373 n 450 001 996387657303316 005 20221108061249.0 035 $a(CKB)1000000000629995 035 $a(EEBO)2240885485 035 $a(UnM)99837878 035 $a(EXLCZ)991000000000629995 100 $a19901019d1584 uy | 101 0 $aeng 135 $aurbn||||a|bb| 200 00$aAmendment of life$b[electronic resource] $ethree sermons, vpon Actes 2. verses 37. 38. conteining the true effect of the worde of God, in the conuersion of the godly: and the maner how it changeth their harts, and reformeth their liues, which is the true vvorke of regeneration. By Iohn Vdall, preacher of the worde of God, at Kingstone vpon Thames 210 $aAt London $cImprinted [by J. Windet?] for Thomas Man, W. B[rome] and N. L[ing]$d1584 215 $a[110] p 300 $aNames in imprint from STC. 300 $aSignatures: *⁶(-*1) A-F G² . 300 $aReproduction of the original in the British Library. 330 $aeebo-0018 606 $aConduct of life$vEarly works to 1800 606 $aSermons, English$y16th century 615 0$aConduct of life 615 0$aSermons, English 700 $aUdall$b John$f1560?-1592.$01003950 801 0$bCu-RivES 801 1$bCu-RivES 801 2$bCStRLIN 801 2$bWaOLN 906 $aBOOK 912 $a996387657303316 996 $aAmendment of life$92353045 997 $aUNISA